000 02224nam0a2200373 4500
001 RU\NLR\bibl\1818419
005 20260405225936.0
010 _a978-5-7038-3509-8
010 _a978-5-7038-3502-9
_bкн. 11
021 _aRU
_b2011-68334
_94824
035 _a(NLR Aleph) 001808989
090 _a1844355
_c1844355
100 _a20111010d2011 |||y0rusy50 ca
101 0 _arus
102 _aRU
105 _aa |||||||||
200 1 _aЭлектронная микроскопия
_eучебно-методический комплекс по тематическому направлению деятельности ННС "Наноинженерия"
_eучебное пособие для студентов высших учебных заведений, обучающихся по направлению 152200 "Наноинженерия"
_fА.И. Власов, К.А. Елсуков, И.А. Косолапов
_gпод ред. засл. деят. науки РФ, чл.-кор. РАН, проф. В.А. Шахнова
210 _aМосква
_cИзд-во МГТУ
_d2011
215 _a167 с.
_cил.
_d22
225 1 _aБиблиотека "Наноинженерия"
_eв 17 кн.
_vкн. 11
225 1 _aКомплект учебно-методических комплексов дисциплин по тематическому направлению деятельности национальной нанотехнологической сети "Наноинженерия"
320 _aБиблиогр.: с. 160-164 (73 назв.)
606 1 _aЭлектронная микроскопия
_jУчебные издания для высших учебных заведений
_9904131
_3RU\NLR\auth\669217
686 _aВ338.48я73-1
700 1 _4070
_8rus
_7ca
_aВласов
_bА. И.
_cканд. техн. наук
_gАндрей Игоревич
_3RU\NLR\auth\77103973
_986898
701 1 _aЕлсуков
_bК. А.
_gКирилл Андреевич
_4070
701 1 _aКосолапов
_bИ. А.
_gИлья Алексеевич
_4070
801 0 _aRU
_bNLR
_c20111010
_gRCR
801 1 _aRU
_bNLR
_c20111010
830 _aпо кн
942 _cBOOK
980 _aNB
980 _aNBR